5HLuxD.jpg

KING HENRY VIII SENIOR AND PRIMARY SCHOOL LIBRARY OPAC

Cambridge IGCSE Drama : (Record no. 3695)

000 -LEADER
fixed length control field 00863nam a22002297a 4500
003 - CONTROL NUMBER IDENTIFIER
control field OSt
005 - DATE AND TIME OF LATEST TRANSACTION
control field 20240822091744.0
008 - FIXED-LENGTH DATA ELEMENTS--GENERAL INFORMATION
fixed length control field 240822b ||||| |||| 00| 0 eng d
020 ## - INTERNATIONAL STANDARD BOOK NUMBER
International Standard Book Number 9780008353698
040 ## - CATALOGING SOURCE
Transcribing agency KH8
082 ## - DEWEY DECIMAL CLASSIFICATION NUMBER
Classification number 812 GOU
100 ## - MAIN ENTRY--PERSONAL NAME
Personal name Gould, Mike,
Relator term author.
245 ## - TITLE STATEMENT
Title Cambridge IGCSE Drama :
Remainder of title Student's Book /
Statement of responsibility, etc. Mike Gould and Rebekah Beattie.
260 ## - PUBLICATION, DISTRIBUTION, ETC.
Place of publication, distribution, etc. London ;
Name of publisher, distributor, etc. Collins,
Date of publication, distribution, etc. 2019.
300 ## - PHYSICAL DESCRIPTION
Extent 159 pages :
Other physical details color illustrations ;
Dimensions 27 cm.
520 ## - SUMMARY, ETC.
Summary, etc. Prepare for the Cambridge IGCSE Drama 2022 syllabus with an approach that helps to create a varied, stimulating and enjoyable learning environment that enables students of different confidence and ability levels to flourish.
650 ## - SUBJECT ADDED ENTRY--TOPICAL TERM
Topical term or geographic name entry element Drama
650 ## - SUBJECT ADDED ENTRY--TOPICAL TERM
Topical term or geographic name entry element Drama problems
Form subdivision exercise
650 ## - SUBJECT ADDED ENTRY--TOPICAL TERM
Topical term or geographic name entry element Problem and exercise
700 ## - ADDED ENTRY--PERSONAL NAME
Personal name Beattie, Rebekah,
Relator term author.
942 ## - ADDED ENTRY ELEMENTS (KOHA)
Source of classification or shelving scheme
Koha item type Teaching Resources
Holdings
Withdrawn status Lost status Source of classification or shelving scheme Damaged status Not for loan Collection code Permanent Location Current Location Shelving location Date acquired Full call number Barcode Date last seen Price effective from Koha item type Total Checkouts Date last checked out
          Teaching Resources KH8 Senior School Library KH8 Senior School Library Staff Office 2024-08-22 812 GOU TRKHSL005583 2024-08-22 2024-08-22 Teaching Resources    
          Teaching Resources KH8 Senior School Library KH8 Senior School Library Staff Office 2024-08-22 812 GOU TRKHSL005584 2025-06-19 2024-08-22 Teaching Resources 1 2024-11-19
          Teaching Resources KH8 Senior School Library KH8 Senior School Library Staff Office 2024-08-22 812 GOU TRKHSL005585 2025-06-23 2024-08-22 Teaching Resources 1 2024-11-19
          Teaching Resources KH8 Senior School Library KH8 Senior School Library Staff Office 2024-08-22 812 GOU TRKHSL005586 2024-08-22 2024-08-22 Teaching Resources    
          Teaching Resources KH8 Senior School Library KH8 Senior School Library Staff Office 2024-10-02 812 GOU TRKHSL005740 2024-10-02 2024-10-02 Teaching Resources    
          Teaching Resources KH8 Senior School Library KH8 Senior School Library Staff Office 2024-10-02 812 GOU TRKHSL005741 2024-10-02 2024-10-02 Teaching Resources    
          Teaching Resources KH8 Senior School Library KH8 Senior School Library Staff Office 2024-10-02 812 GOU TRKHSL005742 2024-10-02 2024-10-02 Teaching Resources    
          Teaching Resources KH8 Senior School Library KH8 Senior School Library Staff Office 2024-10-02 812 GOU TRKHSL005743 2024-10-02 2024-10-02 Teaching Resources    
          Teaching Resources KH8 Senior School Library KH8 Senior School Library Staff Office 2024-10-02 812 GOU TRKHSL005744 2024-10-02 2024-10-02 Teaching Resources    
          Teaching Resources KH8 Senior School Library KH8 Senior School Library Staff Office 2024-10-02 812 GOU TRKHSL005745 2024-10-02 2024-10-02 Teaching Resources    
          Teaching Resources KH8 Senior School Library KH8 Senior School Library Staff Office 2024-10-02 812 GOU TRKHSL005746 2025-06-23 2024-10-02 Teaching Resources 1 2025-02-13
          Teaching Resources KH8 Senior School Library KH8 Senior School Library Staff Office 2024-10-02 812 GOU TRKHSL005747 2025-06-20 2024-10-02 Teaching Resources 1 2024-11-19
          Teaching Resources KH8 Senior School Library KH8 Senior School Library Staff Office 2025-07-14 812 GOU TRKHSL005588 2025-07-14 2025-07-14 Teaching Resources    

Powered By KH8 IT Dept